Sportifs par pays #5 - Statistiques

Statistiques générales
  • Ce quiz a été pris 154 fois
  • Le résultat moyen est 9 sur 20
Statistiques - réponses
Sportif Réponse % Correct
Antoine Dupont France
97%
Son Heung-min Corée du Sud
92%
Marc Marquez Espagne
83%
Didier Drogba Côte d'Ivoire
80%
Tony Estanguet France
73%
Saori Yoshida Japon
65%
Mike Powell Etats-Unis
64%
Lucas Doncic Slovénie
61%
Juan Martín del Potro Argentine
58%
Valtteri Bottas Finlande
58%
Israel Adesanya Nigeria
29%
Jan Železný République Tchèque
25%
Jerry Rice Etats-Unis
24%
Alexander Volkanovski Australie
19%
Jan-Ove Waldner Suède
10%
Dayron Robles Cuba
5%
Maria Mutola Mozambique
5%
Lee Chong Wei Malaisie
4%
Hanni Wenzel Liechtenstein
3%
Hendra Setiawan Indonésie
2%
Aucun quiz correspondant
Distribution des résultats
% des personnes avec chaque résultat
Percentile par nombre de réponses
Votre historique - résultats
Vous n’avez pas pris ce quiz